KOHA-Header-6

Conflict and Cooperation Evolving Theories of International Relations (Record no. 9351)

000 -LEADER
fixed length control field 00282nam a2200109Ia 4500
020 ## - INTERNATIONAL STANDARD BOOK NUMBER
ISBN 978-0155015005
100 ## - MAIN ENTRY--AUTHOR NAME
Personal name Genest,Marc A.
245 #0 - TITLE STATEMENT
Title Conflict and Cooperation Evolving Theories of International Relations
260 ## - PUBLICATION, DISTRIBUTION, ETC. (IMPRINT)
Place of publication New Delhi
Name of publisher Addison
Year of publication 2002
300 ## - PHYSICAL DESCRIPTION
Number of Pages 534
942 ## - ADDED ENTRY ELEMENTS (KOHA)
Koha item type Books
Holdings
Withdrawn status Lost status Collection code Permanent Location Current Location Shelving location Date acquired Full call number Accession Number Koha item type
    English Literature MAJU MAJU Shelf No.A14 2019-09-14 891.43 4963 English Literature

Powered by Koha